| 000 | 00377nam a2200133Ia 4500 | ||
|---|---|---|---|
| 008 | 210430s9999 xx 000 0 und d | ||
| 020 | _a978-0-07-337631-8 | ||
| 082 | _a658.5 F849 N | ||
| 100 | _aAndris Freivald | ||
| 245 |
_aNiebel's Methods Standards and Work Design 12th _cAndris Freivald |
||
| 260 |
_aNew Delhi _bMcGraw hill _c2009 |
||
| 300 | _a721 p | ||
| 942 |
_cBK _2ddc |
||
| 999 |
_c565087 _d565087 |
||